[Event "Madrid-ch (Women) 1213"]
[Site "Madrid"]
[Date "2013.01.25"]
[Round "5"]
[White "Martinez Caballero, Monica"]
[Black "Ruiz Bazaga, Miriam"]
[Result "1/2-1/2"]
[WhiteElo "1722"]
[BlackElo "1597"]
[PlyCount "148"]
[EventDate "2013.01.11"]
[EventType "swiss"]
[EventRounds "7"]
[EventCountry "ESP"]
[SourceTitle "EXT 2015"]
[Source "ChessBase"]
[SourceDate "2014.11.20"]
[SourceVersion "1"]
[SourceVersionDate "2014.11.20"]
[SourceQuality "1"]

1. d4 e6 2. Nf3 c5 3. c3 cxd4 4. cxd4 Nf6 5. Nc3 Bb4 6. Qc2 Nc6 7. g3 d5 8. Bg2 Bd7 9. 0-0 Rc8 10. Bf4 a6 11. Rac1 Qe7 12. Qd3 0-0 13. Ng5 h6 14. Nf3 Bd6 15. Be5 Ng4 16. Bxd6 Qxd6 17. h3 Nf6 18. Rfd1 Rc7 19. e4 dxe4 20. Nxe4 Nxe4 21. Qxe4 Rfc8 22. Rc3 f5 23. Qe3 Nb4 24. Rxc7 Qxc7 25. a3 Nd5 26. Qe5 Qc2 27. Rd2 Qc7 28. Qxc7 Rxc7 29. Ne5 Rc1+ 30. Kh2 Bc6 31. Re2 Bb5 32. Rd2 Bc6 33. Bf3 Ne7 34. Nxc6 Nxc6 35. d5 exd5 36. Bxd5+ Kf8 37. Be6 g6 38. Bc8 Na5 39. Rd5 Rxc8 40. Rxa5 Rc2 41. Kg2 Rxb2 42. Kf3 Kf7 43. g4 fxg4+ 44. hxg4 Ke6 45. Ke3 Rb5 46. Ra4 a5 47. f3 b6 48. Ke4 h5 49. gxh5 gxh5 50. Kf4 Rf5+ 51. Kg3 Rc5 52. Rd4 b5 53. Rd8 Rf5 54. Rb8 Kd6 55. Rc8 Rc5 56. Re8 Rc3 57. Rb8 Kc5 58. Rc8+ Kd4 59. Rb8 Rc5 60. Re8 Re5 61. Rc8 b4 62. axb4 axb4 63. Rb8 Kc4 64. f4 Rd5 65. Kf3 b3 66. Ke4 h4 67. Kf3 Rd4 68. f5 h3 69. Kg3 h2 70. Kxh2 Rf4 71. Rc8+ Kd3 72. Rb8 Kc3 73. Rc8+ Rc4 74. Rxc4+ Kxc4 1/2-1/2

[Event "Madrid-ch (Women) 1213"]
[Site "Madrid"]
[Date "2013.01.12"]
[Round "2"]
[White "Martinez Caballero, Monica"]
[Black "Hrybanova, Valeriya"]
[Result "1-0"]
[WhiteElo "1722"]
[BlackElo "1556"]
[PlyCount "65"]
[EventDate "2013.01.11"]
[EventType "swiss"]
[EventRounds "7"]
[EventCountry "ESP"]
[SourceTitle "EXT 2015"]
[Source "ChessBase"]
[SourceDate "2014.11.20"]
[SourceVersion "1"]
[SourceVersionDate "2014.11.20"]
[SourceQuality "1"]

1. d4 d5 2. Bf4 e6 3. Nf3 Be7 4. Nbd2 Nf6 5. h3 Nc6 6. c3 0-0 7. Qc2 Re8 8. e3 Bd6 9. Ne5 Bxe5 10. dxe5 Nd7 11. Nf3 Ne7 12. Bd3 h6 13. g4 Nf8 14. h4 Neg6 15. Bg3 Nh7 16. Bxg6 fxg6 17. Qxg6 Qe7 18. Bf4 Qf7 19. Qd3 Nf8 20. h5 b6 21. g5 hxg5 22. Nxg5 Qf5 23. Qxf5 exf5 24. 0-0-0 c6 25. h6 gxh6 26. Rxh6 Ne6 27. Rg1 Kf8 28. Rf6+ Ke7 29. Rxf5 Nxg5 30. Rfxg5 Be6 31. Rg7+ Kd8 32. Rh1 Kc8 33. Rhh7 1-0